| 000 | 00650nam a22002057a 4500 | ||
|---|---|---|---|
| 005 | 20240129120051.0 | ||
| 010 | _aENG-139052 | ||
| 020 |
_a9788190890694 _c1275.00 |
||
| 035 | _aEN-122584 | ||
| 037 | _bDBAD/PUB | ||
| 082 |
_a594.84 _21 |
||
| 100 |
_aRachakonda _961375 |
||
| 245 |
_aHistory of Velama Kingdoms/ _cRachakonda |
||
| 250 | _a1 | ||
| 260 |
_aHyderabad _bSree Bhagavan Publications _c2016 |
||
| 270 |
_a7-1-29/23,flat no. 102,Sai Siri Sampada Apartments, Leela Nagar,Ameerpet _bHyderabad _e500016 |
||
| 300 |
_a208 p. _c31 cm(hbk) |
||
| 700 |
_aRachakonda and Devarakonda _961376 |
||
| 942 |
_2ddc _cEN _h954.84 _mRAC |
||
| 999 |
_c200422 _d200422 |
||